| Tag |
First Indicator |
Second Indicator |
Subfields |
| LEADER |
00000cam a2200000 4500 |
| 001 |
in00000022641 |
| 005 |
20151007064059.0 |
| 008 |
800703s1941 pr 00001 spa |
| 010 |
|
|
|a 41016922
|
| 035 |
|
|
|a (OCoLC)06484695
|
| 035 |
|
|
|9 AAD8997AM
|
| 040 |
|
|
|a DLC
|c TXA
|d UtOrBLW
|
| 049 |
|
|
|a TXAM
|c [227425]
|
| 050 |
|
0 |
|a PQ7439.M215
|b M3
|
| 082 |
0 |
|
|a 863.6
|
| 092 |
|
|
|a 863
|b M151m
|
| 100 |
1 |
|
|a Machuca, Julio.
|
| 245 |
1 |
0 |
|a Marcos Orellana (historia de un hombre) (novela).
|
| 264 |
|
1 |
|a Manati, Puerto Rico :
|b Tipografia Rodriguez,
|c 1941.
|
| 300 |
|
|
|a 4 pages ., 258 pages, 3 . ;
|c 21 cm.
|
| 336 |
|
|
|a text
|b txt
|2 rdacontent
|
| 337 |
|
|
|a unmediated
|b n
|2 rdamedia
|
| 338 |
|
|
|a volume
|b nc
|2 rdacarrier
|
| 999 |
|
|
|a MARS
|
| 999 |
f |
f |
|s dc3dcce7-34ea-341f-9636-a4ee7092b600
|i e5209560-b345-3ff9-8d74-37ef37dcc83d
|t 0
|
| 952 |
f |
f |
|p ric
|a Texas A&M University
|b Rellis Campus
|c Joint Library Facility
|d Remote Storage
|t 0
|e PQ7439.M215 M3
|h Library of Congress classification
|i unmediated -- volume
|m A14801384844
|
| 998 |
f |
f |
|a PQ7439.M215 M3
|t 0
|l Remote Storage
|